000 00941cab a2200289 4500
001 ABS51231
008 090401t1994 xxu||||| |||| 00| 0 eng d
035 _a(Sirsi) u16085
041 _aeng
245 _aProperty yields to optimism
260 _c1994
350 _a0
490 _aProperty Week
_v48(6/7) 11/18 August 1994, 12-14(3)
520 _aIn the first of a quarterly commentary, property economists Barber White examine why UK property is outstripping equity and gilt markets as an investment medium.
650 _aBARBER WHITE
650 _aFORECASTS
650 _aINVESTMENT MARKET
650 _aIPD MONTHLY INDEX
650 _aPERFORMANCE MEASUREMENT
650 _aPROPERTY INDICATORS
650 _aRENTAL GROWTH
650 _aSOCIETY OF PROPERTY RESEARCHERS
650 _aYIELDS
690 _aPROPERTY-COMMERCIAL PROPERTY-COMMERCIAL PROPERTY FINANCE AND INVESTMENT
942 _n0
948 _c04/03/1997
999 _c10577
_d10577